[Event "chess.com SpeedChess Q1Sw"]
[Site "chess.com INT"]
[Date "2022.11.10"]
[Round "10"]
[White "Naroditsky, Daniel"]
[Black "Dubov, Daniil"]
[Result "1/2-1/2"]
[WhiteTitle "GM"]
[BlackTitle "GM"]
[WhiteElo "2617"]
[BlackElo "2708"]
[WhiteFideId "2026961"]
[BlackFideId "24126055"]
[EventDate "2022.11.10"]

1. e4 e5 2. Nf3 Nc6 3. Bb5 a6 4. Ba4 Nf6 5. O-O Be7 6. Re1 b5 7. Bb3 O-O 8. c3
d5 9. d4 exd4 10. e5 Ne4 11. cxd4 Bg4 12. Nc3 Nxc3 13. bxc3 Qd7 14. Bc2 Bf5 15.
h3 Bxc2 16. Qxc2 Nd8 17. a4 Ne6 18. Be3 Rfc8 19. axb5 axb5 20. Qb2 h6 21. Rxa8
Rxa8 22. Ra1 Ra4 23. Ne1 Qc6 24. Rb1 b4 25. cxb4 Rxb4 26. Qa1 Rxb1 27. Qxb1 Qc4 1/2-1/2

[Event "chess.com SpeedChess Q1Sw"]
[Site "chess.com INT"]
[Date "2022.11.10"]
[Round "10"]
[White "Mamedov, Rauf"]
[Black "Kopylov, Alexander A."]
[Result "1-0"]
[WhiteTitle "GM"]
[BlackTitle "IM"]
[WhiteElo "2646"]
[BlackElo "2397"]
[WhiteFideId "13401653"]
[BlackFideId "4164857"]
[EventDate "2022.11.10"]

1. e4 c6 2. Nf3 g6 3. d4 Bg7 4. Nc3 d5 5. h3 dxe4 6. Nxe4 Nf6 7. Bd3 O-O 8. O-O
Nbd7 9. Nxf6+ Nxf6 10. c3 Qc7 11. Re1 c5 12. Qe2 cxd4 13. Nxd4 Re8 14. Bg5 a6
15. Qf3 Bd7 16. Rad1 Rad8 17. Bc2 Qb6 18. Bb3 e5 19. Nc2 Bc6 20. Qe2 Rxd1 21.
Rxd1 Ne4 22. Be3 Qc7 23. Nb4 Nf6 24. Qc4 Rc8 25. Nxc6 Qxc6 26. Qxf7+ Kh8 27. Qe7
Re8 28. Rd8 1-0

[Event "chess.com SpeedChess Q1Sw"]
[Site "chess.com INT"]
[Date "2022.11.10"]
[Round "10"]
[White "Duda, Jan-Krzysztof"]
[Black "Ibarra Jerez, Jose Carlos"]
[Result "1-0"]
[WhiteTitle "GM"]
[BlackTitle "GM"]
[WhiteElo "2731"]
[BlackElo "2557"]
[WhiteFideId "1170546"]
[BlackFideId "2226332"]
[EventDate "2022.11.10"]

1. e4 c5 2. Nf3 Nc6 3. Bb5 e5 4. c3 a6 5. Ba4 b5 6. Bc2 d5 7. exd5 Qxd5 8. O-O
Bg4 9. a4 Rd8 10. axb5 axb5 11. Na3 c4 12. h3 Bh5 13. Re1 Nf6 14. Nxb5 Qxb5 15.
Ba4 Qb6 16. Nxe5 Bxd1 17. Bxc6+ Qxc6 18. Nxc6+ Kd7 19. Ne5+ Kd6 20. Nxf7+ 1-0

[Event "chess.com SpeedChess Q1Sw"]
[Site "chess.com INT"]
[Date "2022.11.10"]
[Round "10"]
[White "Narayanan, S.L."]
[Black "Xiong, Jeffery"]
[Result "1-0"]
[WhiteTitle "GM"]
[BlackTitle "GM"]
[WhiteElo "2673"]
[BlackElo "2692"]
[WhiteFideId "5058422"]
[BlackFideId "2047640"]
[EventDate "2022.11.10"]

1. d4 d5 2. Nf3 e6 3. c4 dxc4 4. e3 c5 5. Bxc4 a6 6. O-O Nf6 7. dxc5 Bxc5 8.
Qxd8+ Kxd8 9. Rd1+ Ke7 10. a3 Rd8 11. Rxd8 Kxd8 12. b4 Bd6 13. Bb2 Nbd7 14. Nbd2
Ke7 15. Be2 b5 16. Nb3 Bb7 17. Na5 Bd5 18. Rc1 Nb6 19. Nd4 Kd7 20. f3 Rc8 21.
Rxc8 Nxc8 22. e4 Ba8 23. Nxb5 axb5 24. Bxb5+ Kc7 25. e5 Be7 26. exf6 gxf6 27.
Kf2 Nd6 28. Bd3 h5 29. Nc4 Nxc4 30. Bxc4 Bc6 31. Bd4 Ba4 32. h4 f5 33. g3 Kc6
34. f4 Bd1 35. Be2 Bxe2 36. Kxe2 Kb5 37. Kd3 f6 38. Kc3 Bd8 39. Kb3 Kc6 40. Kc4
Kd6 41. Bc5+ Kd7 42. a4 e5 43. a5 Bc7 44. Be3 Kd6 45. a6 1-0

[Event "chess.com SpeedChess Q1Sw"]
[Site "chess.com INT"]
[Date "2022.11.10"]
[Round "10"]
[White "Pakleza, Zbigniew"]
[Black "Swiercz, Dariusz"]
[Result "1-0"]
[WhiteTitle "GM"]
[BlackTitle "GM"]
[WhiteElo "2496"]
[BlackElo "2646"]
[WhiteFideId "1119290"]
[BlackFideId "1126881"]
[EventDate "2022.11.10"]

1. d4 Nf6 2. Nf3 d5 3. Bf4 e6 4. e3 Bd6 5. Bg3 O-O 6. Nbd2 b6 7. c3 Bb7 8. Ne5
c5 9. Bd3 Nc6 10. f4 Ne7 11. Qb1 g6 12. Bf2 Nf5 13. g4 Bxe5 14. gxf5 Bd6 15.
fxg6 fxg6 16. Bxg6 Kh8 17. Bh4 cxd4 18. cxd4 Bb4 19. Bxh7 Ba6 20. Bd3 Bxd2+ 21.
Ke2 Bxd3+ 22. Qxd3 Bb4 23. Qg6 Be7 24. Rhg1 Rg8 25. Bxf6+ Bxf6 26. Qh6# 1-0

[Event "chess.com SpeedChess Q1Sw"]
[Site "chess.com INT"]
[Date "2022.11.10"]
[Round "10"]
[White "Vantika, Agrawal"]
[Black "Zhigalko, Sergei"]
[Result "0-1"]
[WhiteTitle "WGM"]
[BlackTitle "GM"]
[WhiteElo "2362"]
[BlackElo "2572"]
[WhiteFideId "25050389"]
[BlackFideId "13502956"]
[EventDate "2022.11.10"]

1. e4 c5 2. Nf3 Nc6 3. Bb5 Nf6 4. Nc3 Qc7 5. O-O Nd4 6. Re1 a6 7. Bf1 Ng4 8. g3
Nxf3+ 9. Qxf3 Ne5 10. Qd1 e6 11. d3 d6 12. Be3 Be7 13. a4 O-O 14. Bg2 Rb8 15. f4
Nc6 16. Ne2 b5 17. axb5 axb5 18. c3 Bb7 19. Qc2 Rfc8 20. d4 Na5 21. dxc5 dxc5
22. b3 h6 23. Red1 Rd8 24. Rxd8+ Rxd8 25. Rd1 Ra8 26. h4 Nc6 27. e5 Bf8 28. Nc1
Ne7 29. Bxb7 Qxb7 30. Bxc5 Rc8 31. Bf2 Nf5 32. Ne2 Qf3 33. Qd3 Qg4 34. Rd2 Nxh4
35. Kf1 Nf3 36. Rd1 Qh3# 0-1

[Event "chess.com SpeedChess Q1Sw"]
[Site "chess.com INT"]
[Date "2022.11.10"]
[Round "10"]
[White "Aaditya, Dhingra"]
[Black "Klukin, Kirill"]
[Result "1/2-1/2"]
[WhiteTitle "CM"]
[BlackTitle "IM"]
[WhiteElo "2172"]
[BlackElo "2390"]
[WhiteFideId "25678191"]
[BlackFideId "24199273"]
[EventDate "2022.11.10"]

1. e4 c5 2. Nf3 g6 3. d4 cxd4 4. Qxd4 Nf6 5. Nc3 Nc6 6. Qa4 d6 7. e5 dxe5 8.
Nxe5 Bd7 9. Nxd7 Nxd7 10. Be3 Bg7 11. Bb5 O-O 12. O-O Nb6 13. Qe4 Bxc3 14. bxc3
Qd5 15. Qd3 Rfd8 16. Qe2 Qe5 17. Bxb6 Qxe2 18. Bxe2 axb6 19. Rfb1 Rd2 20. Bd3
Ne5 21. Be4 Nc4 22. Rb4 Rxa2 23. Rf1 Nd6 24. Bd3 Ra3 25. c4 Rc3 26. Rxb6 Nxc4
27. Rxb7 Ne5 28. Rxe7 Nxd3 29. cxd3 Rcxd3 30. g3 Kf8 1/2-1/2

[Event "chess.com SpeedChess Q1Sw"]
[Site "chess.com INT"]
[Date "2022.11.10"]
[Round "10"]
[White "Svane, Frederik"]
[Black "Omariev, Maksim"]
[Result "1-0"]
[WhiteTitle "GM"]
[BlackTitle "FM"]
[WhiteElo "2568"]
[BlackElo "2304"]
[WhiteFideId "12923044"]
[BlackFideId "4193423"]
[EventDate "2022.11.10"]

1. e4 c5 2. Nf3 d6 3. Bb5+ Nd7 4. a4 Nf6 5. Nc3 e6 6. O-O Be7 7. d4 cxd4 8. Qxd4
O-O 9. Nd2 Qc7 10. Rd1 Rd8 11. Bf1 a6 12. Nc4 Ne8 13. a5 Rb8 14. Be3 Ne5 15.
Nxe5 dxe5 16. Qc4 Rxd1 17. Rxd1 Qxa5 18. b4 Qxb4 19. Qxb4 Bxb4 20. Na4 b5 21.
Rd8 Kf8 22. Nb6 Ba5 23. Rxc8 Rxb6 24. Bxb6 Bxb6 25. Rc6 Bd4 26. c3 Ba7 27. Rxa6
Bc5 28. Rc6 1-0

[Event "chess.com SpeedChess Q1Sw"]
[Site "chess.com INT"]
[Date "2022.11.10"]
[Round "10"]
[White "Vaibhav, Jayant Raut"]
[Black "Leiva, Gianmarco"]
[Result "0-1"]
[WhiteTitle "CM"]
[BlackTitle "IM"]
[WhiteElo "2247"]
[BlackElo "2366"]
[WhiteFideId "5089034"]
[BlackFideId "3804399"]
[EventDate "2022.11.10"]

1. Nf3 Nf6 2. g3 d5 3. Bg2 c6 4. O-O Bg4 5. d3 Nbd7 6. Nbd2 e5 7. e4 dxe4 8.
dxe4 Qc7 9. Qe2 Be7 10. h3 Bh5 11. Rd1 O-O 12. Nc4 b5 13. Ne3 Rfe8 14. Nf5 Bf8
15. a4 a6 16. Bg5 h6 17. Bd2 Nc5 18. g4 Bg6 19. N3h4 Nxa4 20. Nxg6 fxg6 21. Nh4
g5 22. Nf5 Nxb2 23. Ba5 Qf7 24. Nd6 Bxd6 25. Rxd6 Re6 26. Bb4 Rxd6 27. Bxd6 Nc4
28. Bc5 Nd7 29. Be3 a5 30. Qd3 a4 31. Bf1 Nf8 32. Qc3 Ng6 33. Qb4 a3 34. Bc5 a2
35. Qb3 Nd2 36. Qxf7+ Kxf7 37. Bd3 Nf4 38. Bf1 Nxf1 39. Kxf1 Nxh3 40. Ke2 Nf4+
41. Kd2 g6 42. Kc3 h5 43. gxh5 gxh5 44. Be3 h4 0-1

[Event "chess.com SpeedChess Q1Sw"]
[Site "chess.com INT"]
[Date "2022.11.10"]
[Round "10"]
[White "Ahn, Hongjin"]
[Black "Baskakov, Egor"]
[Result "0-1"]
[WhiteTitle "IM"]
[BlackTitle "CM"]
[WhiteElo "2282"]
[BlackElo "2215"]
[WhiteFideId "13201492"]
[BlackFideId "24197866"]
[EventDate "2022.11.10"]

1. Nf3 Nf6 2. g3 e6 3. Bg2 d5 4. O-O Be7 5. d3 O-O 6. Nbd2 d4 7. Nb3 c5 8. c3
Nc6 9. Bf4 Nd5 10. Bd2 e5 11. Rc1 f6 12. cxd4 cxd4 13. Nc5 Bxc5 14. Rxc5 Be6 15.
Qa4 Nb6 16. Qa3 Qd7 17. Rfc1 Rfc8 18. b4 a6 19. Be1 Nd5 20. Qb2 Nce7 21. Nd2 b6
22. Rxc8+ Rxc8 23. Nc4 Rc7 24. Bd2 h5 25. h4 Bg4 26. Be1 b5 27. Na5 Rxc1 28.
Qxc1 Bxe2 29. Qc2 Qg4 30. Nc6 Bf3 31. Bd2 Bxg2 32. Kxg2 Qe2 33. Qb3 Kh7 34. Nxe7
Nxe7 35. Qe6 Qxd2 36. Qxe7 Qxd3 37. Qe8 Qe4+ 38. Kg1 Qf5 39. Qc6 d3 40. Qxa6 Qd7 0-1

[Event "chess.com SpeedChess Q1Sw"]
[Site "chess.com INT"]
[Date "2022.11.10"]
[Round "10"]
[White "Tarnowska, Aleksandra"]
[Black "Sreyas, Payyappat"]
[Result "0-1"]
[WhiteTitle "WCM"]
[BlackTitle "FM"]
[WhiteElo "1835"]
[BlackElo "2145"]
[WhiteFideId "1180967"]
[BlackFideId "46674969"]
[EventDate "2022.11.10"]

1. e4 c6 2. d4 d5 3. Nc3 dxe4 4. Nxe4 Nf6 5. Nxf6+ exf6 6. Be3 Bd6 7. Qd2 O-O 8.
Nf3 Nd7 9. Bd3 a5 10. Nh4 Nb6 11. O-O-O Be6 12. Kb1 Bb4 13. c3 Qd5 14. b3 a4 15.
cxb4 axb3 16. axb3 Ra3 17. Qc2 Rfa8 18. Kc1 Ra1+ 19. Kd2 R1a2 20. Bxh7+ Kh8 21.
Ra1 Qxb3 22. Rxa2 Rxa2 23. Ra1 Nc4+ 24. Kd1 Rxa1+ 0-1

[Event "chess.com SpeedChess Q1Sw"]
[Site "chess.com INT"]
[Date "2022.11.10"]
[Round "10"]
[White "Dushyant, Sharma"]
[Black "Rohith, Krishna S"]
[Result "0-1"]
[WhiteTitle "IM"]
[BlackTitle "FM"]
[WhiteElo "2370"]
[BlackElo "2380"]
[WhiteFideId "25065130"]
[BlackFideId "46617051"]
[EventDate "2022.11.10"]

1. e4 c5 2. Nf3 d6 3. d4 cxd4 4. Nxd4 Nf6 5. Nc3 a6 6. f4 g6 7. Nf3 Bg7 8. Bd3
O-O 9. O-O Nbd7 10. a4 Nc5 11. Kh1 Rb8 12. Qe1 Nxd3 13. cxd3 b5 14. a5 b4 15.
Ne2 Nd7 16. Bd2 Nc5 17. Qb1 Nb3 18. Ra4 Nxd2 19. Nxd2 Bd7 20. Ra1 f5 21. Qa2+
Kh8 22. Rad1 Bb5 23. Nc4 Qc7 24. b3 fxe4 25. dxe4 Bxc4 26. Rc1 Bxb3 27. Qxb3
Qxa5 28. f5 gxf5 29. exf5 Rxf5 30. Ng3 Rxf1+ 31. Rxf1 Qa3 32. Qe6 b3 33. Nh5 b2
34. Qf5 Qc5 35. Qg4 Qd4 36. Qf5 Qe5 37. Nxg7 Qxf5 38. Nxf5 b1=Q 0-1

[Event "chess.com SpeedChess Q1Sw"]
[Site "chess.com INT"]
[Date "2022.11.10"]
[Round "10"]
[White "Vokhidov, Shamsiddin"]
[Black "Sattarov, Bobir"]
[Result "1-0"]
[WhiteTitle "GM"]
[WhiteElo "2568"]
[BlackElo "2433"]
[WhiteFideId "14204223"]
[BlackFideId "14203081"]
[EventDate "2022.11.10"]

1. e4 e5 2. Nf3 Nc6 3. Bb5 a6 4. Ba4 Nf6 5. O-O Nxe4 6. d4 b5 7. Bb3 d5 8. dxe5
Be6 9. c3 Be7 10. Nbd2 Nc5 11. Bc2 d4 12. Nb3 d3 13. Bb1 Nxb3 14. axb3 Bf5 15.
Re1 O-O 16. b4 Qd7 17. Bf4 Rfd8 18. h3 h6 19. g4 Bg6 20. Ba2 Kh7 21. e6 fxe6 22.
Bxe6 Qe8 23. Bxc7 Qf8 24. Bxd8 Rxd8 25. Rxa6 Rd6 26. Re3 Qf4 27. Bd5 Rxd5 28.
Rxc6 Bd6 29. Rxd6 Rxd6 30. Nd2 Rf6 31. Rf3 Qe5 32. Rxf6 Qxf6 33. Qf3 Qg5 34. Qe3
Qd5 35. f4 h5 36. Kh2 Bf7 37. Qe4+ Qxe4 38. Nxe4 hxg4 39. hxg4 Bd5 40. Nd2 g6
41. Kg3 Kg7 42. Kf2 Be6 43. Ke3 1-0

[Event "chess.com SpeedChess Q1Sw"]
[Site "chess.com INT"]
[Date "2022.11.10"]
[Round "10"]
[White "Donchenko, Alexander"]
[Black "Firat, Burak"]
[Result "1/2-1/2"]
[WhiteTitle "GM"]
[BlackTitle "GM"]
[WhiteElo "2645"]
[BlackElo "2460"]
[WhiteFideId "24603295"]
[BlackFideId "6305881"]
[EventDate "2022.11.10"]

1. e4 e5 2. Nf3 Nc6 3. Bb5 a6 4. Ba4 Nf6 5. O-O Be7 6. d3 b5 7. Bb3 d6 8. a3 O-O
9. Nc3 Rb8 10. h3 h6 11. Re1 Re8 12. Be3 Bf8 13. Ba2 Ne7 14. Ne2 Ng6 15. Ng3 c6
16. d4 exd4 17. Nxd4 Bb7 18. Ndf5 c5 19. f3 d5 20. exd5 Nxd5 21. Bf2 Rxe1+ 22.
Qxe1 Qf6 23. c3 Ngf4 24. Rd1 Bc6 25. Ne3 Re8 26. Ne4 Qg6 27. Bxd5 Bxd5 28. Rxd5
Nxd5 29. Nxd5 f5 30. Nef6+ gxf6 31. Nxf6+ Qxf6 32. Qxe8 Qd6 33. Be3 Kg7 34. h4
Qd1+ 35. Kh2 Bd6+ 36. f4 Qg4 37. g3 Qe2+ 38. Kg1 Qe1+ 39. Kg2 Qe2+ 40. Kh1 Qe1+
41. Kh2 Qe2+ 42. Kh3 Qg4+ 43. Kh2 Qe2+ 1/2-1/2

[Event "chess.com SpeedChess Q1Sw"]
[Site "chess.com INT"]
[Date "2022.11.10"]
[Round "10"]
[White "Rustemov, Alexander"]
[Black "Bok, Benjamin"]
[Result "0-1"]
[WhiteTitle "GM"]
[BlackTitle "GM"]
[WhiteElo "2525"]
[BlackElo "2618"]
[WhiteFideId "4119002"]
[BlackFideId "1017063"]
[EventDate "2022.11.10"]

1. d4 g6 2. c4 Bg7 3. Nf3 d6 4. g3 Nf6 5. Bg2 O-O 6. Nc3 Nbd7 7. O-O e5 8. e4
exd4 9. Nxd4 Re8 10. h3 Nc5 11. Re1 h6 12. Rb1 a5 13. b3 c6 14. Ba3 Qc7 15. Ndb5
cxb5 16. Nxb5 Qb6 17. Qxd6 Qxd6 18. Nxd6 Ncd7 19. Nxe8 Nxe8 20. f4 Bc3 21. Red1
Bb4 22. Bb2 Nc7 23. e5 Kf8 24. Bxb7 Bxb7 25. Rxd7 Rc8 26. Rbd1 Ke8 27. Kf2 Bc6
28. R7d3 Ne6 29. Bc3 Nc5 30. Bxb4 Nxd3+ 31. Rxd3 axb4 32. Rd6 Be4 33. Rb6 Ra8
34. Rxb4 Rxa2+ 35. Ke3 Bf5 36. g4 Be6 37. Kf3 Rb2 38. Kg3 Kd7 39. Rb5 Kc6 40.
Kf3 Rc2 41. Kg3 Rc3+ 42. Kh4 Rf3 43. b4 Rxf4 44. Rc5+ Kd7 45. Ra5 Rf3 46. g5
Rxh3# 0-1

[Event "chess.com SpeedChess Q1Sw"]
[Site "chess.com INT"]
[Date "2022.11.10"]
[Round "10"]
[White "Csonka, Balazs"]
[Black "Namitbir, Singh Walia"]
[Result "1-0"]
[WhiteTitle "IM"]
[BlackTitle "FM"]
[WhiteElo "2497"]
[BlackElo "2339"]
[WhiteFideId "742910"]
[BlackFideId "35071068"]
[EventDate "2022.11.10"]

1. d4 Nf6 2. c4 c5 3. d5 d6 4. Nc3 g6 5. e4 Bg7 6. h3 O-O 7. Nf3 e6 8. Bd3 Na6
9. O-O e5 10. a3 h6 11. Rb1 Nh7 12. b4 f5 13. Bd2 f4 14. Na4 g5 15. bxc5 Nxc5
16. Nxc5 dxc5 17. Bc3 Qd6 18. Nh2 b6 19. a4 Nf6 20. a5 h5 21. f3 Bd7 22. Rb2
Rab8 23. axb6 axb6 24. Qe2 Ra8 25. Rfb1 Ra6 26. Ra2 Rfa8 27. Rxa6 Rxa6 28. Qb2
Ne8 29. Ra1 Rxa1+ 30. Qxa1 Qb8 31. Be2 Kf7 32. Nf1 Ke7 33. Nd2 Kd6 34. Nb3 Nc7
35. Nc1 Qa8 36. Qb2 Qh8 37. Qxb6+ 1-0

[Event "chess.com SpeedChess Q1Sw"]
[Site "chess.com INT"]
[Date "2022.11.10"]
[Round "10"]
[White "Nguyen Hong Nhung"]
[Black "Yang, Kaiqi"]
[Result "1-0"]
[WhiteTitle "WFM"]
[BlackTitle "GM"]
[WhiteElo "2003"]
[BlackElo "2481"]
[WhiteFideId "12412201"]
[BlackFideId "8604398"]
[EventDate "2022.11.10"]

1. e4 c5 2. Nc3 d6 3. f4 g6 4. Nf3 Bg7 5. Bc4 Nc6 6. O-O e6 7. d3 Nge7 8. Qe1
O-O 9. f5 gxf5 10. Qh4 f6 11. Qg3 Kh8 12. Nh4 Nd4 13. exf5 Ndxf5 14. Nxf5 Nxf5
15. Rxf5 exf5 16. Bf4 b5 17. Bd5 b4 18. Bxa8 bxc3 19. bxc3 Be6 20. Bf3 Rg8 21.
Qe1 Qd7 22. c4 Re8 23. Qc3 Bf7 24. Re1 Rxe1+ 25. Qxe1 h6 26. Qg3 Kh7 27. Bxd6
Qa4 28. Qf2 Qxa2 29. Bxc5 a5 30. Bc6 Qb1+ 31. Qf1 Qxc2 32. Qxf5+ Bg6 33. Qd7
Qd1+ 34. Kf2 Qd2+ 35. Kg3 Bxd3 36. Be4+ Kg8 37. Qe8+ 1-0

[Event "chess.com SpeedChess Q1Sw"]
[Site "chess.com INT"]
[Date "2022.11.10"]
[Round "10"]
[White "Matinian, Nikita"]
[Black "Odegov, Artem"]
[Result "1/2-1/2"]
[WhiteTitle "GM"]
[BlackTitle "FM"]
[WhiteElo "2425"]
[BlackElo "2286"]
[WhiteFideId "24129100"]
[BlackFideId "34183644"]
[EventDate "2022.11.10"]

1. e4 e6 2. d4 d5 3. Nc3 Bb4 4. Ne2 dxe4 5. a3 Be7 6. Nxe4 Nf6 7. Nxf6+ Bxf6 8.
Be3 O-O 9. Qd3 e5 10. O-O-O exd4 11. Bxd4 Nc6 12. h4 Be6 13. Bxf6 Qxf6 14. Qg3
Rad8 15. Rxd8 Rxd8 16. Nf4 Ne5 17. Be2 Bc4 18. Qg5 Qxg5 19. hxg5 Bxe2 20. Nxe2
Ng4 21. f4 Ne3 22. g3 c5 23. b3 c4 24. b4 a6 25. Nc3 Nf5 26. Rg1 Kf8 27. Ne4 b6
28. Rd1 Rxd1+ 29. Kxd1 Ke7 30. Kd2 Ke6 31. g4 Nd4 32. c3 Nb5 33. a4 Nd6 34. Ke3
Nxe4 35. Kxe4 b5 36. a5 f6 37. gxf6 gxf6 38. g5 f5+ 39. Ke3 Kd5 40. Kf3 Kd6 41.
Kg3 Kd5 42. Kf3 Kd6 43. Ke3 Kd5 44. Kf3 1/2-1/2

[Event "chess.com SpeedChess Q1Sw"]
[Site "chess.com INT"]
[Date "2022.11.10"]
[Round "10"]
[White "Manukyan, Sargis A."]
[Black "Borgaonkar, Akshay"]
[Result "1-0"]
[WhiteTitle "FM"]
[BlackTitle "CM"]
[WhiteElo "2163"]
[BlackElo "2135"]
[WhiteFideId "13303970"]
[BlackFideId "25639110"]
[EventDate "2022.11.10"]

1. d4 Nf6 2. c4 g6 3. Nc3 Bg7 4. Nf3 O-O 5. Bg5 d6 6. e3 Nbd7 7. Be2 h6 8. Bh4
b6 9. O-O Bb7 10. b4 Ne4 11. Nxe4 Bxe4 12. Nd2 Bb7 13. Rc1 g5 14. Bg3 f5 15. f4
e5 16. c5 exf4 17. c6 fxg3 18. cxb7 gxh2+ 19. Kh1 Rb8 20. Bf3 g4 21. Bc6 Nf6 22.
Rxf5 Qe7 23. e4 Kh8 24. Nf1 Nxe4 25. Bxe4 Qxe4 26. Ng3 Qxb7 27. Qxg4 Rxf5 28.
Nxf5 Rg8 29. Ne7 Re8 30. Qd7 Ra8 31. Nf5 Rg8 32. Rxc7 Qe4 33. Rc8 Qe1+ 34. Kxh2
Be5+ 35. dxe5 Qxe5+ 36. Kh3 Rxc8 37. Qxc8+ Kh7 38. Qd7+ Kh8 39. Qd8+ Kh7 40.
Qe7+ Kg6 41. Qxe5 dxe5 42. Ne7+ Kf6 43. Nc8 a5 44. Nxb6 axb4 45. Nd5+ Ke6 46.
Nxb4 Kd6 47. Kg3 Kc5 48. Nc2 Kc4 49. Kf3 Kd3 50. Nb4+ Kc4 51. Ke4 Kxb4 52. Kxe5
Ka3 53. Kf5 Kxa2 54. Kg6 Kb3 55. Kxh6 Kc4 56. g4 Kd5 57. g5 Ke6 58. g6 Ke7 59.
g7 Kf7 1-0

[Event "chess.com SpeedChess Q1Sw"]
[Site "chess.com INT"]
[Date "2022.11.10"]
[Round "10"]
[White "Kravtsiv, Martyn"]
[Black "Predke, Alexandr"]
[Result "1-0"]
[WhiteTitle "GM"]
[BlackTitle "GM"]
[WhiteElo "2598"]
[BlackElo "2684"]
[WhiteFideId "14113147"]
[BlackFideId "24107581"]
[EventDate "2022.11.10"]

1. e4 c5 2. Nf3 e6 3. d4 cxd4 4. Nxd4 a6 5. Be2 Qc7 6. O-O Nf6 7. Nc3 Nc6 8. Be3
Be7 9. f4 d6 10. Kh1 O-O 11. Qe1 Bd7 12. Qg3 Rae8 13. Rae1 Bd8 14. e5 dxe5 15.
Nxc6 Bxc6 16. fxe5 Ne4 17. Nxe4 Bxe4 18. Bd3 Bg6 19. h4 Bxd3 20. cxd3 f5 21. Rc1
Qd7 22. Bc5 Be7 23. Rf4 Rc8 24. Rfc4 Bxc5 25. Rxc5 Rxc5 26. Rxc5 f4 27. Qg4 Kh8
28. h5 f3 29. gxf3 Qxd3 30. Rc7 Qb1+ 31. Qg1 Qxg1+ 32. Kxg1 Kg8 33. Rxb7 Rxf3
34. Rb6 Rf5 35. Rxa6 Rxe5 36. a4 Kf7 37. b4 Ke7 38. b5 Kd7 39. Ra7+ Kd6 40. Rxg7
Rxh5 41. b6 Rh4 42. a5 Rb4 43. b7 Kc6 44. a6 Rb2 45. a7 1-0

[Event "chess.com SpeedChess Q1Sw"]
[Site "chess.com INT"]
[Date "2022.11.10"]
[Round "10"]
[White "Deev, Andrei"]
[Black "Jodorcovsky Werjivker, Paulo"]
[Result "1-0"]
[WhiteTitle "IM"]
[BlackTitle "CM"]
[WhiteElo "2390"]
[BlackElo "2220"]
[WhiteFideId "4102690"]
[BlackFideId "3700305"]
[EventDate "2022.11.10"]

1. e4 e5 2. Nf3 Nc6 3. Bc4 Nf6 4. d3 Bc5 5. Nc3 d6 6. h3 Na5 7. Bb3 a6 8. O-O
O-O 9. Be3 Bxe3 10. fxe3 Nxb3 11. axb3 h6 12. Qe1 Nh7 13. Nh4 g6 14. g4 Ng5 15.
Qg3 Kg7 16. Kh2 Be6 17. Nf5+ Kh7 18. h4 gxf5 19. gxf5 Rg8 20. fxe6 Nxe6 21.
Rxf7+ Kh8 22. Qh3 Qe8 23. Raf1 Nd8 24. Rxc7 Qg6 25. Nd5 Nc6 26. Rcf7 Rae8 27.
R7f6 Qg7 28. R6f2 Ref8 29. Nf6 Rxf6 30. Rxf6 Ne7 31. R6f2 Ng6 32. Rg2 Qh7 33.
Rfg1 Ne7 34. Rxg8+ Nxg8 35. Qe6 h5 36. Rg6 b5 37. Qxd6 Qf7 38. Qxe5+ Kh7 39.
Qxh5+ 1-0

[Event "chess.com SpeedChess Q1Sw"]
[Site "chess.com INT"]
[Date "2022.11.10"]
[Round "10"]
[White "Yuan, Qingyu"]
[Black "Svane, Rasmus"]
[Result "0-1"]
[BlackTitle "GM"]
[WhiteElo "2373"]
[BlackElo "2619"]
[WhiteFideId "8609772"]
[BlackFideId "4657101"]
[EventDate "2022.11.10"]

1. e4 c6 2. d4 d5 3. e5 Bf5 4. c4 e6 5. Nc3 Ne7 6. h3 Nd7 7. Nf3 dxc4 8. Bxc4
Nb6 9. Bb3 Ned5 10. O-O Be7 11. Re1 O-O 12. Ne4 Qc7 13. Bg5 Bxe4 14. Rxe4 Bxg5
15. Nxg5 h6 16. Nf3 Rad8 17. Rc1 Ne7 18. Qe2 Rd7 19. Bc2 Qd8 20. Bb1 Nf5 21. Qc2
g6 22. Rd1 Rd5 23. Qc1 Kg7 24. b4 Qe7 25. a3 Rfd8 26. Rg4 a5 27. Bxf5 exf5 28.
Rh4 Rh8 29. Qc3 axb4 30. axb4 Rb5 31. g4 Nd5 32. Qd2 g5 33. Rh5 Nf4 34. gxf5
Nxh5 35. Re1 Qd7 36. e6 fxe6 37. Nxg5 hxg5 38. Qxg5+ Kf8 39. Kf1 Qxd4 40. Rxe6
Qa1+ 41. Ke2 Re5+ 42. Kf3 Rxe6 43. fxe6 Qf6+ 0-1

[Event "chess.com SpeedChess Q1Sw"]
[Site "chess.com INT"]
[Date "2022.11.10"]
[Round "10"]
[White "Koziorowicz, Michal"]
[Black "Goltseva, Ekaterina"]
[Result "1-0"]
[WhiteTitle "FM"]
[BlackTitle "FM"]
[WhiteElo "2296"]
[BlackElo "2265"]
[WhiteFideId "21809194"]
[BlackFideId "24173770"]
[EventDate "2022.11.10"]

1. e4 e5 2. Nf3 Nf6 3. Nc3 Nc6 4. d4 exd4 5. Nd5 Be7 6. Nxd4 Nxd5 7. exd5 Nxd4
8. Qxd4 Bf6 9. Qe4+ Qe7 10. Qxe7+ Kxe7 11. Bd3 Re8 12. O-O d6 13. c3 Kf8 14.
Bxh7 g6 15. Bh6+ Bg7 16. Bg5 Re5 17. f4 Rxd5 18. Rae1 Bf5 19. Be7+ Ke8 20. Bh4+
Kf8 21. g4 Bxg4 22. Be7+ Ke8 23. Bh4+ Kf8 24. f5 g5 25. Bxg5 f6 26. Bf4 Bh5 27.
Kf2 Re8 28. Rxe8+ Bxe8 29. Kg3 Rd3+ 30. Kg4 Bf7 31. h4 Bc4 32. Rf2 Rd1 33. h5
Rg1+ 34. Kh3 Rh1+ 35. Rh2 Rxh2+ 36. Kxh2 Kf7 37. Bg6+ Kg8 38. h6 Bf8 39. a3 Bd3
40. Kg3 Kh8 41. Kf3 d5 42. Ke3 Be4 43. b4 c6 44. h7 Bg7 45. Kd4 Bf8 46. Bb8 a6
47. a4 b6 48. Ba7 b5 49. a5 Kg7 50. Bb8 Kh8 51. Bc7 Be7 52. Bf4 Bf8 53. Bc7 1-0